000 01147cam a22002891 4500
001 gs 42000366
003 DLC
005 20260227111348.0
008 800923s1941 dcuabf f000 0 eng
010 _ags 42000366
035 _a(OCoLC)6743122
040 _aDLC
_cICharE
_dDLC
043 _an-us-ak
050 0 0 _aQE75
_b.B9 no. 929
051 _aQE84.C53
_bR4
100 1 _aReed, John Calvin,
_d1905-
245 1 0 _aGeology and ore deposits of the Chichagof mining district, Alaska,
_cby John C. Reed and Robert R. Coats.
260 _aWashington,
_bU.S. Govt. Print. Off.,
_c1941.
300 _aviii, 148 p.
_bincl. illus., tables, diagrs., 33 pl. (part fold., incl. maps)
_c23 cm.
490 0 _aU.S. Geological survey. Bulletin 929
500 _aAt head of title: U.S. Dept. of the Interior, Harold L. Ickes, secretary, Geological survey, W. C. Mendenhall, director.
500 _aFourteen of the plates are in separate case.
504 _aIncludes bibliographies.
650 0 _aGeology
_zAlaska
_zChichagof Island.
650 0 _aGold mines and mining
_zAlaska
_zChichagof Island.
700 1 _aCoats, Robert Roy,
_d1910-
_ejoint author.
999 _c27862
_d27862